000 01745nam a2200409Ia 4500
001 dia_2524
003 CHAP
005 20240226084158.0
007 ta
008 220117s2003 mx ade f 001 0 spa d
040 _amxchpua
_cCHAP
090 _aT.C.365
_bM45 EIUPA
_c2003
245 _aAbastos de Mérida /
_ccoordinador Amilcar Renan Mejenes Quijano ; colaboradores Angel A. Cano Montiel...[et al.]
260 _aMéxico :
_bEl autor,
_c2003
300 _a79 hojas :
_bilustraciones, tablas, gráficas, planos
336 _2rdacontent
_atexto
_btxt
337 _2rdamedia
_asin medio
_bn
338 _2rdacarrier
_avolumen
_bnc
500 _aGrado : 7° año Grupo : 02
502 _aViaje de Estudios
_b(EIUPA) --
_cUACh. Departamento de Ingeniería Agroindustrial,
_d2003
504 _aBibliografía : hoja 78
505 _aContiene 5 planos -- 1.Diagrama de flujo de la línea de cerdo -- 2.Diagrama de flujo de la línea de res -- 3.Plano de distribución de equipo (Esc. 1:75) -- 4.Plano de distribución de áreas (Esc. 1:200) -- 5.Diagrama de tubería e instrumentación (Esc. 1:100)
650 1 3 _aGanado de carne
_945067
650 1 3 _aGanado porcino
_945328
650 1 3 _aIndustria del ganado y de la carne
_9153076
_zMéxico
_zYucatán
650 1 3 _aLivestock and meat industry
_9153077
_zMexico
_zYucatán
650 1 3 _aBeef cattle
_9138032
650 1 3 _aMonogastric livestock
_9153055
700 1 _aMejenes Quijano, Amilcar Renán
_9147387
_ecoordinador
700 1 _aCano Montiel, Angel A.
_9153078
_ecolaborador
901 _aT.C.365 M45 EIUPA 2003
902 _aM
905 _a5232272003 mx eanm8223123322spa16
942 _2local
942 _cVE
999 _c173046
_d173046